LEADER 00984nam a2200193 i 4500 001 000000015122 003 CaOOAMICUS 005 20180830125442.0 008 180830s1894 it u000 u ita u 040 $aSeMil$bita 100 1 $aBucceroni, Gennaro .$0(OLS)http://semarc/name/89958 245 10$aCasus conscientiae propositi a card. De Lugo a p. Beniamino Elbel a p. Ioanne Petro Gury aliisque auctoribus resoluti /$ca p. Ianuario Bucceroni ; accedunt casus resoluti a SS. Rom. Congr. 260 $aRomae :$bEx Typographia Polyglotta,$c1894. 300 $a2 v. ;$c23 cm. 650 4$aTeologia morale - Casi di coscienza.$0(OLS)http://semarc/subject/2481 774 0 $tVol. 1.$g1$w()49792 774 0 $tVol. 2.$g2$w()217656 996 $6245$aCasus conscientiae propositi a card. De Lugo a p. Beniamino Elbel a p. Ioanne Petro Gury aliisque auctoribus resoluti$9(OLS)http://semarc/title/20045 996 $6260$aRomae :$bEx Typographia Polyglotta$9(OLS)http://semarc/publisher/29969 LEADER 01456nam a2200325 i 4500 001 000000118821 003 CaOOAMICUS 005 20031009000000.0 008 031009s2002 it u000 u ita u 013 $a91514 020 $a88-17-12873-2 040 $aSeMil$bita 100 1 $aMantiero, Didimo.$0(OLS)http://semarc/name/49576 245 13$aIl volto pił vero :$bdiari /$cDidimo Mantiero ; prefazione di Luigi Giussani, introduzione di Giovanni Scalco, nota biografica di Sergio Martinelli. 260 $aMilano :$bRizzoli,$c2002. 300 $a233 p. ;$c20 cm. 490 0 $aI libri dello spirito cristiano 500 $aFondo Card. C.M. Martini. 650 4$aMantiero, Didimo - Diari e memorie.$0(OLS)http://semarc/subject/22193 700 1 $aMartinelli, Sergio.$0(OLS)http://semarc/name/49578 700 1 $aScalco, Giovanni.$0(OLS)http://semarc/name/49577 700 1 $aGiussani, Luigi,$c.$0(OLS)http://semarc/name/1272 830 2$aI libri dello spirito cristiano.$0(OLS)http://semarc/title/9336 850 $aSeMil 852 $aSeMil$W1$xVenegono$y1$m3G I 83$j74077$B74077$CSeMilBibl$Z2$F97074 $81 941 1 $a4 961 $aOmaggio: Martini Card. Carlo Maria 996 $6020$a88-17-12873-2$9(OLS)http://semarc/number/103503 996 $6245$aIl volto pił vero :$bdiari$9(OLS)http://semarc/title/174549 996 $6260$aMilano :$bRizzoli$9(OLS)http://semarc/publisher/29824